Banderas que solo Contienen Rojo y Blanco - Estadísticas

Estadísticas generales
  • Esta prueba ha sido intentada 9.190 veces
  • La puntuación promedio es 15 de 17
Estadísticas de respuestas
Imagen Respuesta % Correcto
Canadá
99%
Japón
98%
Suiza
97%
Turquía
96%
Polonia
95%
Dinamarca
93%
Austria
92%
Catar
92%
Perú
91%
Georgia
89%
Túnez
84%
Indonesia
83%
Mónaco
83%
Letonia
80%
Singapur
77%
Baréin
72%
Tonga
59%
No se encontraron pruebas coincidentes
Distribución de puntuación
Porcentaje de gente con cada puntuación
Porcentaje por número respondido
Historial de tus puntuaciones
No has intentado esta prueba.